[Event "AUTO-ADV-4895"]
[Site "http://www.queenalice.com/game.php?id=1867294"]
[Date "2025.12.19"]
[Round "2"]
[White "Rafale2000"]
[Black "Takeda"]
[Result "0-1"]
[WhiteElo "1977"]
[BlackElo "2182"]

1. e4 g6 2. d4 Bg7 3. Nf3 d6 4. Bc4 Nf6 5. Nc3 O-O 6. O-O Nxe4 7. Nxe4 d5 8. Bd3
dxe4 9. Bxe4 Nc6 10. c3 e6 11. Be3 Bd7 12. d5 exd5 13. Qxd5 a6 14. Rad1 Bg4 15.
h3 Bxf3 16. Qxd8 Raxd8 17. Bxf3 Na5 18. Rxd8 Rxd8 19. Rd1 Rxd1+ 20. Bxd1 Nc4 21.
Bc1 Kf8 22. b3 Nd6 23. c4 Ke7 24. Ba3 Ke6 25. f3 Nf5 26. Kf2 Bd4+ 27. Ke1 Ne3
28. g3 Nxd1 29. Kxd1 Bf2 30. g4 Ke5 31. Bc1 Kd4 32. Ke2 Bg3 33. Bb2+ Kc5 34. Bc3
c6 35. Kd3 b5 36. b4+ Kd6 37. c5+ Kd5 38. Bf6 Be1 39. a3 a5 40. Bc3 axb4 41.
Bxe1 bxa3 42. Kc2 Kc4 43. Bc3 b4 44. Bg7 b3+ 45. Kb1 Kd3 46. Bh6 Ke2 47. f4 Kf3
48. f5 Kg3 49. fxg6 hxg6 50. g5 Kxh3 51. Bg7 Kg4 52. Bf6 Kf5 53. Kc1 Ke6 54. Kb1
Kd5 55. Be7 f5 56. Bd6 Ke4 57. Be7 f4 58. Bd6 f3 59. Bg3 Kf5 0-1

[Event "AUTO-ADV-4900"]
[Site "http://www.queenalice.com/game.php?id=1868332"]
[Date "2026.1.21"]
[Round "2"]
[White "Rafale2000"]
[Black "Tonto"]
[Result "0-1"]
[WhiteElo "2008"]
[BlackElo "2005"]

1. e4 e5 2. Nf3 Nc6 3. d4 exd4 4. Bc4 Nf6 5. O-O Nxe4 6. Nc3 dxc3 7. Bxf7+ Kxf7
8. Qd5+ Ke8 9. Re1 cxb2 10. Bxb2 Ne7 11. Qh5+ g6 12. Qe5 Nf6 13. Qxf6 d6 14. Ng5
Kd7 15. Nf7 Qe8 16. Qe6+ Kc6 17. Qc4+ Kd7 18. Qe6+ Kc6 19. Ne5+ Kb6 20. Bd4+ Ka6
21. Qf7 Bf5 22. Qxe8 Rxe8 23. Nf7 Rg8 24. c4 Bg7 25. Rad1 Bxd4 26. Rxd4 Nc6 27.
Rdd1 Nb4 28. Nh6 Rgf8 29. a3 Rxe1+ 30. Rxe1 Nc2 31. Re7 Kb6 32. a4 Bd3 33. a5+
Kc6 34. Rxh7 Ne3 35. Rf7 Rh8 36. fxe3 Rxh6 37. Rf4 b6 38. axb6 axb6 39. Rd4 Bf5
40. h4 Kc5 41. Rf4 Bd3 42. Rf7 c6 43. Rf4 Bxc4 44. g3 b5 45. Kf2 b4 46. Ke1 b3
47. Kd2 g5 48. Rf5+ Kb4 49. hxg5 Rh2+ 0-1

[Event "AUTO-ADV-4900"]
[Site "http://www.queenalice.com/game.php?id=1868333"]
[Date "2026.1.21"]
[Round "2"]
[White "Tonto"]
[Black "Rafale2000"]
[Result "1-0"]
[WhiteElo "2025"]
[BlackElo "1992"]

1. e4 Nf6 2. d3 e5 3. Be2 d5 4. Nd2 Bd6 5. exd5 Nxd5 6. Ngf3 Nc6 7. Ne4 Bg4 8.
O-O O-O 9. Ng3 Re8 10. c4 Nf6 11. Bg5 h6 12. Bxf6 Qxf6 13. Ne4 Qg6 14. Nh4 Bxe2
15. Qxe2 Qh7 16. Qg4 Re6 17. Nf5 Rg6 18. Qf3 Nd4 19. Nxd4 exd4 20. Nxd6 Rxd6 21.
Qxb7 Rad8 22. Qxc7 R6d7 23. Qg3 Rd6 24. Rfe1 Qg6 25. Qf3 Rf6 26. Qe4 Qg5 27. Qe7
Rg6 28. Qxg5 Rxg5 29. Re7 a5 30. b3 Kf8 31. Rae1 g6 32. f4 Rf5 33. g3 h5 34.
R7e5 Rxe5 35. Rxe5 Ra8 36. a4 Rb8 37. Rb5 Ra8 38. Kf2 Kg7 39. Kf3 Ra6 40. Ke4
f5+ 41. Kxd4 Rd6+ 42. Kc3 Ra6 43. c5 Kf7 44. Rb6 Ra8 45. Kc4 Kg7 46. c6 Kh6 47.
Rb7 g5 48. fxg5+ Kxg5 49. Kb5 h4 50. gxh4+ Kxh4 51. c7 Rc8 52. Kb6 f4 53. Rb8
Rxc7 54. Kxc7 1-0

[Event "AUTO-OPEN-4637"]
[Site "http://www.queenalice.com/game.php?id=1868792"]
[Date "2026.2.2"]
[Round "1"]
[White "Rafale2000"]
[Black "Pipo712"]
[Result "1-0"]
[WhiteElo "1994"]
[BlackElo "2093"]

1. e4 c5 2. c3 d5 3. exd5 Qxd5 4. d4 cxd4 5. Qxd4 Qxd4 6. cxd4 g6 7. Bc4 Bg7 8.
Ne2 Nc6 9. Be3 Nf6 10. Nbc3 O-O 11. O-O-O Na5 12. Bd3 Bd7 13. Kb1 a6 14. Ne4 Nd5
15. Bd2 b5 16. Bxa5 1-0

[Event "AUTO-OPEN-4637"]
[Site "http://www.queenalice.com/game.php?id=1868793"]
[Date "2026.2.2"]
[Round "1"]
[White "Pipo712"]
[Black "Rafale2000"]
[Result "1/2-1/2"]
[WhiteElo "2075"]
[BlackElo "1969"]

1. e4 Nf6 2. e5 Nd5 3. d4 d6 4. c4 Nb6 5. f4 dxe5 6. fxe5 Nc6 7. Be3 Bf5 8. Nc3
e6 9. Nf3 Nb4 10. Rc1 c5 11. a3 Nc6 12. d5 Na5 13. d6 Rc8 14. Nb5 a6 15. Nc7+
Rxc7 16. dxc7 Qxc7 17. Bd3 Bxd3 18. Qxd3 h6 19. O-O Be7 20. b4 cxb4 21. axb4
Bxb4 22. Rfd1 O-O 23. Rb1 Bc5 24. Bxc5 Qxc5+ 25. Qd4 Qxd4+ 26. Rxd4 Naxc4 27.
Nd2 Rc8 28. Nxc4 Rxc4 29. Rxc4 Nxc4 30. Rxb7 Nxe5 31. Ra7 g5 32. Rxa6 Kg7 33.
Ra8 Kh7 34. h3 Kg7 35. Kf1 Kh7 36. Ke2 Kg7 37. Rc8 Kh7 38. Ke3 Kg7 39. Rc7 Ng6
40. g3 Kf6 41. Ke4 Kg7 42. Ke3 Kf6 43. Rc8 Kg7 44. Ke4 Kf6 45. Rc7 Kg7 46. Ke3
Kf6 1/2-1/2

[Event "AUTO-OPEN-4637"]
[Site "http://www.queenalice.com/game.php?id=1868794"]
[Date "2026.2.2"]
[Round "1"]
[White "Rafale2000"]
[Black "SGF"]
[Result "0-1"]
[WhiteElo "2012"]
[BlackElo "1751"]

1. e4 e5 2. Nf3 Qf6 3. Bc4 d6 4. d3 h6 5. Nc3 c6 6. b4 Be7 7. b5 Qg6 8. a4 Bf6
9. a5 Qxg2 10. bxc6 Qxh1+ 11. Kd2 Qxd1+ 12. Kxd1 Nxc6 13. Nd5 Kd7 14. c3 Nge7
15. Nxf6+ gxf6 16. Bxf7 Kc7 17. d4 Bg4 18. Ke2 exd4 19. Bd2 dxc3 20. Bxc3 a6 21.
Ke3 Bxf3 22. Kxf3 h5 23. Kg3 h4+ 24. Kf3 Rh7 25. Be6 Ne5+ 26. Ke2 h3 27. Ra3
N7c6 28. Ke3 Nd8 29. Bf5 Rg7 30. Bxh3 Nc4+ 0-1

[Event "AUTO-OPEN-4637"]
[Site "http://www.queenalice.com/game.php?id=1868795"]
[Date "2026.2.2"]
[Round "1"]
[White "SGF"]
[Black "Rafale2000"]
[Result "0-1"]
[WhiteElo "1777"]
[BlackElo "1986"]

1. e4 Nf6 2. Qf3 d5 3. exd5 Qxd5 4. Qxd5 Nxd5 5. Bc4 Nb6 6. b3 Nxc4 7. bxc4 e5
8. Nf3 f6 9. O-O Nc6 10. c3 Bf5 11. h3 Bd3 12. Re1 Bc5 13. a4 Bxc4 14. Ba3 Bd6
15. Bxd6 cxd6 16. Nd4 Kf7 17. Nxc6 bxc6 18. Na3 Be6 19. g4 Rab8 20. f3 Rb2 21.
Re2 g5 22. Kg2 f5 23. gxf5 Bxf5 24. Nc4 Bd3 25. Nxb2 Bxe2 26. Kf2 Ba6 27. c4 Rb8
28. Ra2 Kf6 29. d3 h5 30. Kg3 Kf5 31. h4 gxh4+ 32. Kxh4 d5 33. Kxh5 Rh8# 0-1

[Event "AUTO-OPEN-4641"]
[Site "http://www.queenalice.com/game.php?id=1869922"]
[Date "2026.2.27"]
[Round "1"]
[White "Rafale2000"]
[Black "Caronte"]
[Result "0-1"]
[WhiteElo "1983"]
[BlackElo "2706"]

1. e4 c5 2. c3 Nf6 3. e5 Nd5 4. d4 cxd4 5. Qxd4 e6 6. Nd2 Nc6 7. Qe4 f5 8. Qe2
Qc7 9. Ngf3 b5 10. Qxb5 Nxe5 11. c4 Rb8 12. Qa4 Nf4 13. b3 Rb4 0-1

[Event "AUTO-OPEN-4641"]
[Site "http://www.queenalice.com/game.php?id=1869923"]
[Date "2026.2.27"]
[Round "1"]
[White "Caronte"]
[Black "Rafale2000"]
[Result "1-0"]
[WhiteElo "2702"]
[BlackElo "1983"]

1. e4 Nf6 2. e5 Nd5 3. d4 d6 4. Nf3 Bg4 5. Be2 Nc6 6. O-O e6 7. c4 Nb6 8. exd6
cxd6 9. d5 exd5 10. cxd5 Bxf3 11. gxf3 Nb4 12. Bb5+ Nd7 13. Qe1+ 1-0